Statistics for CONCACAF Gold Cup

Click here to take the quiz!

General Stats

  • This quiz has been taken 84 times
  • The average score is 19 of 24

Answer Stats

Total AppsBest ResultsNational Team% Correct
11ChampionsCanada
100%
12ChampionsMexico
100%
12ChampionsUnited States
100%
5Quarter FinalsHaiti
99%
8Third PlaceJamaica
99%
6Runners-upPanama
99%
11Runners-upHonduras
97%
8Third PlaceTrinidad and Tobago
97%
11Runners-upCosta Rica
96%
8Quarter FinalsEl Salvador
96%
9Fourth PlaceGuatemala
93%
7Quarter FinalsCuba
91%
1Group StageBelize
87%
1Group StageNicaragua
85%
3Runners-upBrazil
71%
3Runners-upColombia
63%
1Third PlacePeru
63%
1Group StageEcuador
60%
2Group StageGrenada
59%
1Group StageSaint Vincent and the Grenadines
59%
4Quarter FinalsMartinique
53%
2Fourth PlaceSouth Korea
41%
3Third PlaceGuadeloupe
35%
1Quarter FinalsSouth Africa
19%

Score Distribution

Percentile by Number Answered

Percent of People with Each Score

Your Score History

You have not taken this quiz